000
00336nam a22001577a 4500
003
SGT
020
_a
9789352701544
082
_a
150
_b
P18S
100
_a
SREEVANI, R.
245
_a
PSYCKOLOGY FOR NURSING
250
_a
3RD
260
_a
INDIA
_b
JAYPEE PUB
_c
2018
300
_a
254
650
_a
PSYCHOLOGY
942
_2
ddc
_c
BK
_0
224
999
_c
21903
_d
21903